Statistiken für Länder mit L

Klicken Sie hier um das Quiz zu spielen!

Allgemein

  • Dieses Quiz wurde 1.396 mal gespielt
  • Das Durchschnittsergebnis liegt bei 7 aus 9

Antwortstatistiken

HintAntwort% Korrekt
3Lettland
90%
8Litauen
90%
9Luxemburg
88%
1Laos
82%
7Liechtenstein
78%
6Libyen
76%
5Liberia
75%
4Libanon
68%
2Lesotho
67%

Verteilung der Resultate

Perzentil nach korrekt beantworteten Fragen

Anzahl Personen mit jedem Resultat

Ihre Resultats-Entwicklung

Sie haben dieses Quiz noch nicht gespielt